| 000 | 00669cam a22002293a 4500 | ||
|---|---|---|---|
| 001 | 23438 | ||
| 003 | PGUSA | ||
| 005 | 20140828083512.0 | ||
| 008 | 071110s2007||||xxu|||||s|||||000 | eng d | ||
| 040 |
_aPGUSA _beng |
||
| 042 | _adc | ||
| 050 | 4 | _aBS | |
| 100 | 1 |
_aTaylor, James Hudson, _d1832-1905 |
|
| 245 | 1 | 2 |
_aA Ribband of Blue : _bAnd Other Bible Studies _h[electronic resource] / _cJames Hudson Taylor |
| 260 |
_bProject Gutenberg, _c2007 |
||
| 506 | _aPublic domain in the USA. | ||
| 516 | _aElectronic text | ||
| 653 | _aBible -- Study and teaching | ||
| 830 | 0 |
_aProject Gutenberg _v23438 |
|
| 856 | 4 | 0 | _uhttp://www.gutenberg.org/ebooks/23438 |
| 942 | _cEB | ||
| 999 |
_c252693 _d252693 |
||